000 00393 a2200133 4500
082 _a861.728.1
_bAZ997v
100 _aAzurdia, Margarita
_9273
245 _a26 anotaciones de Margaritas Azurdia
260 _aParis
_bMargarita Azurdia
_c1981
300 _a26 p
_bill (a color)
_c19 cm
650 _aPoesia
_xPoesia-Guatemala
_xMargarita Azurdia
_9274
690 _aPoesia
700 _aMargarita Azurdia
_9275
999 _c48
_d48